Every 100k+ City in Northern Mexico in a Map - Statistics

General Stats
  • This quiz has been taken 294 times
  • The average score is 21 of 46
Answers on the Map
Answers color-coded by a green-red scale on the quiz's map according to % correct below.
 
Answer Stats
Population City % Correct
1,810,645 Tijuana
95%
1,142,952 Monterrey
94%
925,762 Chihuahua
90%
308,285 Ciudad Benito Juárez
89%
1,501,551 Ciudad Juárez
89%
854,186 Mexicali
87%
202,694 Cabo San Lucas
72%
616,068 Victoria de Durango
71%
855,563 Hermosillo
67%
416,055 Nuevo Laredo
63%
250,141 La Paz
61%
510,739 Heroica Matamoros
59%
864,431 Saltillo
58%
691,557 Reynosa
56%
690,193 Torreón
55%
808,416 Culiacán Rosales
53%
261,137 Heroica Nogales
53%
330,652 Ensenada
52%
297,373 Tampico
51%
176,685 San Luis Río Colorado
47%
441,975 Mazatlán
45%
332,100 Ciudad Victoria
44%
298,009 Los Mochis
40%
635,862 Guadalupe
39%
136,285 San José del Cabo
38%
329,404 Ciudad Obregón
36%
173,959 Piedras Negras
35%
536,436 Ciudad Apodaca
31%
160,225 Ciudad Acuña
30%
237,169 Monclova
30%
304,052 Ciudad Santa Catarina
29%
128,548 Delicias
29%
301,742 Gómez Palacio
29%
117,253 Heroica Guaymas
29%
132,128 San Pedro Garza García
29%
454,967 Ciudad General Escobedo
28%
161,820 Miramar
27%
205,933 Ciudad Madero
26%
100,660 Rosarito Beach
26%
412,199 San Nicolás de los Garza
26%
120,926 Navojoa
25%
234,698 Villa de García
24%
135,586 Cuauhtémoc
23%
113,843 Hidalgo del Parral
23%
111,315 Ciudad Río Bravo
21%
114,010 Ramos Arizpe
20%
No matching quizzes found
Score Distribution
Percent of People with Each Score
Percentile by Number Answered
Your Score History
You have not taken this quiz